| 000 | 01180cam a2200373 a 4500 | ||
|---|---|---|---|
| 001 | 13300896 | ||
| 003 | PILC | ||
| 005 | 20160112155935.0 | ||
| 008 | 030805s2004 nyub c 000 1 eng | ||
| 010 | _a 2003017480 | ||
| 020 | _a9780060583064 | ||
| 020 | _a0060583053 (lib. bdg.) | ||
| 040 |
_aDLC _cDLC _dDLC |
||
| 042 | _alcac | ||
| 050 | 0 | 0 |
_aPZ 7 _b.L2697Tr 2004 |
| 082 | 0 | 0 |
_aFIC _bL26t 2004 |
| 100 | 1 |
_aLangrish, Katherine. _918981 |
|
| 245 | 1 | 0 |
_aTroll fell _cKatherine Langrish. |
| 250 | _a1st ed. | ||
| 260 |
_aNew York : _bHarperCollins Publishers, _cc2004. |
||
| 300 |
_a264 p. : _bmap ; _c24 cm. |
||
| 650 | 0 |
_aVikings _vJuvenile fiction. _918982 |
|
| 650 | 1 |
_aVikings _vFiction. _918983 |
|
| 650 | 1 |
_aOrphans _vFiction. _918984 |
|
| 650 | 1 |
_aTrolls _vFiction. _918985 |
|
| 650 | 1 |
_aUncles _vFiction. _918986 |
|
| 650 | 1 |
_aTwins _vFiction. _918987 |
|
| 650 | 1 |
_aBrothers _vFiction. _918988 |
|
| 650 | 1 |
_aSupernatural _vFiction. _918989 |
|
| 906 |
_a7 _bcbc _corignew _d1 _eecip _f20 _gy-gencatlg |
||
| 942 |
_2lcc _cBK |
||
| 999 |
_c11111 _d11111 |
||